Catalog

Record Details

Catalog Search



I heard that song before  Cover Image Book Book

I heard that song before / Mary Higgins Clark.

Summary:

When Kay Lansing marries wealthy widower Peter Carrington, she is well aware of the rumours surrounding the mysterious death of Peter's first wife Grace, who was found floating in the family pool ten years ago, pregnant at the time. Kay also discovers that Peter is a chronic sleepwalker who suffers from periodic nightmares. When the police arrive at her doorstep with a warrant for Peter's arrest in connection with another murder - that of a woman Peter had escorted to a high school senior prom twenty-two years ago - Kay begins to fear that she has married a sleepwalking murderer, and she resolves to find out the truth behind the puzzling deaths. But are the two deaths linked? And why does a melody that Kay cannot identify keep playing in her head every time she approaches the family chapel?

Record details

  • ISBN: 9780743264914
  • ISBN: 0743264916
  • ISBN: 9780743497305
  • ISBN: 0743497309
  • Physical Description: 318 pages ; 24 cm.
  • Edition: First Simon & Schuster hardcover edition.
  • Publisher: New York : Simon & Schuster, ©2007.
Subject: Rich people > Fiction.
Sleepwalking > Fiction.
Married people > Fiction.
Englewood (N.J.) > Fiction.
Genre: Thrillers (Fiction)
Detective and mystery fiction.
Psychological fiction.

LDR 01320cam a2200361 a 4500
001117734
003SBPL
00520220929205202.0
008070212s2007 nyu 000 1 eng
010 . ‡a 2007006241
020 . ‡a9780743264914 ‡q(hardcover)
020 . ‡a0743264916 ‡q(hardcover)
020 . ‡a9780743497305 ‡q(paperback)
020 . ‡a0743497309 ‡q(paperback)
0350 . ‡a(OCoLC)74666873 ‡z(OCoLC)173662506 ‡z(OCoLC)225365507 ‡z(OCoLC)317649170 ‡z(OCoLC)500815400 ‡z(OCoLC)676717667 ‡z(OCoLC)731313194 ‡z(OCoLC)798220728 ‡z(OCoLC)868161638 ‡z(OCoLC)972133333 ‡z(OCoLC)972361445 ‡z(OCoLC)1001272765 ‡z(OCoLC)1004920435 ‡z(OCoLC)1007411433 ‡z(OCoLC)1029318219 ‡z(OCoLC)1054374129 ‡z(OCoLC)1057025662 ‡z(OCoLC)1101152656
05000. ‡aPS3553.L287 ‡bI15 2007
08200. ‡a813/.54 ‡222
1001 . ‡aClark, Mary Higgins. : ‡eautthor
24510. ‡aI heard that song before / ‡cMary Higgins Clark.
250 . ‡aFirst Simon & Schuster hardcover edition.
260 . ‡aNew York : ‡bSimon & Schuster, ‡c©2007.
300 . ‡a318 pages ; ‡c24 cm.
336 . ‡a\ ‡atext ‡btxt ‡2rdacontent
337 . ‡aunmediated ‡bn ‡2rdamedia
338 . ‡avolume ‡bnc ‡2rdacarrier
520 . ‡aWhen Kay Lansing marries wealthy widower Peter Carrington, she is well aware of the rumours surrounding the mysterious death of Peter's first wife Grace, who was found floating in the family pool ten years ago, pregnant at the time. Kay also discovers that Peter is a chronic sleepwalker who suffers from periodic nightmares. When the police arrive at her doorstep with a warrant for Peter's arrest in connection with another murder - that of a woman Peter had escorted to a high school senior prom twenty-two years ago - Kay begins to fear that she has married a sleepwalking murderer, and she resolves to find out the truth behind the puzzling deaths. But are the two deaths linked? And why does a melody that Kay cannot identify keep playing in her head every time she approaches the family chapel?
650 0. ‡aRich people ‡vFiction.
650 0. ‡aSleepwalking ‡vFiction.
650 0. ‡aMarried people ‡vFiction.
651 0. ‡aEnglewood (N.J.) ‡vFiction.
655 7. ‡aThrillers (Fiction)
655 7. ‡aDetective and mystery fiction. ‡2lcgft
655 7. ‡aPsychological fiction. ‡2lcgft
901 . ‡a117734 ‡bUnknown ‡c117734 ‡tbiblio

Additional Resources